000 00638nam a2200193 a 4500
001 000043809
005 20201002044959.0
008 140506s1992 sp 000 0 spa d
020 _a8479692995
040 _aDO-SdBNP
_bspa
_cBNPHU
082 _axxxx
_bxxxx
100 1 _aCapek, Karel
_947203
245 1 3 _aLa confesión de Don Juan /
_cKarel Capek; traducción Ana Orozco de Falbr.
260 _a[Madrid] :
_bCompañía Europea de Comunicación e Información,
_c1992.
300 _a93 p. ;
_c19 cm.
490 1 _aBiblioteca de El sol
_v264
700 1 2 _aOrozco de Falbr, Ana
_etr.
_971647
830 0 _aBiblioteca de El sol ;
_v264
_970009
999 _c43298
_d43298